000 00652nam a2200229Ia 4500
003 OSt
005 20220918205306.0
006 a|||||r|||| 00| 0
007 ta
008 220917b |||||||| |||| 00| 0 eng d
024 _a116,028
037 _cTextual
040 _aARTS
_cARTS
_beng
041 _2eng
_aeng
082 _aV6.M89<-L69, M3 (906)
100 _aHibbert Christopher
_9102079
245 0 _aAfrica explored
_b europeans in the dark continent 1769-1889
260 _aN.Y
_bW W Norton
_c1983
650 _aHISTORY
942 _hV6.M89<-L69, M3 (906)
_cTEXL
_2CC
999 _c239356
_d239356